Membranes in Bioprocessing: Theory and Applications /

Gespeichert in:
Bibliographische Detailangaben
Hauptverfasser: Howell, J.A (Verfasst von), Sanchez, V (Verfasst von), Filed, R.W.(editors (Verfasst von)
Format: Buch
Sprache:Englisch
Veröffentlicht: London : Chapman and Hall, 1993
Tags: Tag hinzufügen
Keine Tags, Fügen Sie das erste Tag hinzu!

MARC

LEADER 00000nam a22000003a 4500
001 stu31188
005 20150617225736.6
008 941014s1993----uk------------------eng-d
020 |a 0-7514-0149-8 
040 |a STU  |b slo 
041 0 |a eng 
044 |a uk 
080 |a 66.098 
100 1 |a Howell, J.A  |4 aut 
245 1 |a Membranes in Bioprocessing: Theory and Applications /  |c [aut.] Howell,J.A.; Sanchez,V.; Filed,R.W.(editors 
260 |a London :  |b Chapman and Hall,  |c 1993 
300 |a 336 s 
700 1 |a Sanchez, V  |4 aut 
700 1 |a Filed, R.W.(editors  |4 aut 
996 |b J90825  |c J*90825  |l JJK5  |s P  |a 0  |w stu31188_0001